Turbo Pascal 5.0

Enregistré dans:
Détails bibliographiques
Auteur principal: Janovčík, Štefan
Autres auteurs: Šofranko, Ivo
Format: Livre
Langue:slovaque
Publié: Prešov ZO SZM Vukov 1989
Édition:1. vyd.
Tags: Ajouter un tag
Pas de tags, Soyez le premier à ajouter un tag!

MARC

LEADER 00000nam a2200000 4500
001 c033085
005 20250515101452.3
041 0 |a slo 
044 |a SK 
245 1 0 |a Turbo Pascal 5.0  |c Štefan Janovčík, Ivo Šofranko 
250 |a 1. vyd. 
264 1 |a Prešov  |b ZO SZM Vukov  |c 1989 
300 |a 168 s. 
100 1 |a Janovčík, Štefan 
700 1 |a Šofranko, Ivo